000 00714nam a2200241 a 4500
001 BRCA_7306
005 20190320205803.0
008 010411s1894----enkab#####---#000-0#eng-#
041 _aeng
044 _aenk
050 4 _aDS805
_b.Ch36 1894
100 1 _aChamberlain, Basil Hall
_d1850-1935
_918070
245 1 0 _aA handbook fot travellers in Japan
_cby Basil Hall Chamberlain and W. B. Mason.
250 _a4
260 _aLondres
_bJ. Murray
_c1894
300 _a528 p.
_bil. (algunas a color), mapas
_c18 cm.
500 _aIncluye lista de mapas
500 _aG117C
651 4 _aJapón
_vGuías
_xDescripción y viajes
_918071
700 1 _aMason, W. B.
_eCoautor
_918072
902 _aGFM
942 _2lcc
_cB
999 _c6982
_d6982